Nová ekonomika a investície do ľudského kapitálu

Príspevok sa zaoberá zmenami v nárokoch na ľudský kapitál v podmienkach prechodu k novej ekonomike a implikáciami týchto zmien na jednotlivé aspekty tvorby ľudského kapitálu. Osobitná pozornosť sa venuje zmenám na jednotlivých stupňoch vzdelávania. Zdôrazňuje sa nevyhnutnosť sústrediť sa na kvalitu...

Descrizione completa

Salvato in:
Dettagli Bibliografici
Autore principale: Čaplánová, Anetta, 1967-
Natura: Capitolo di libro
Lingua:slovacco
Soggetti:
Tags: Aggiungi Tag
Nessun Tag, puoi essere il primo ad aggiungerne!!

MARC

LEADER 00000nla$a2200000$$$4500
001 0065886
005 20240502071800.3
041 0 |a slo 
044 |a SK 
245 1 0 |a Nová ekonomika a investície do ľudského kapitálu  |c Anetta Čaplánová 
520 |a Príspevok sa zaoberá zmenami v nárokoch na ľudský kapitál v podmienkach prechodu k novej ekonomike a implikáciami týchto zmien na jednotlivé aspekty tvorby ľudského kapitálu. Osobitná pozornosť sa venuje zmenám na jednotlivých stupňoch vzdelávania. Zdôrazňuje sa nevyhnutnosť sústrediť sa na kvalitu vytvoreného ľudského kapitálu a jeho zosúladenie s meniacimi sa potrebami trhu práce. V podmienkach zrýchlených technologických zmien rastie význam celoživotného vzdelávania a sprístupnenia vzdelávania znevýhodneným skupinám populácie. Prebiehajúce zmeny vyžadujú nové a aktívne prístupy zo strany tvorcov hospodárskej politiky. 
610 2 0 |a ekonomika nová 
610 2 0 |a kapitál ľudský 
610 2 0 |a vzdelávanie 
610 2 0 |a Slovensko 
610 2 0 |a investície 
100 1 |a Čaplánová, Anetta, 1967-